Letter Brand Logos - Statistics

General Stats
  • This quiz has been taken 65 times
  • The average score is 17 of 26
Answer Stats
Picture Answer % Correct
Google
96%
McDonald's
96%
Netflix
94%
Tesla
94%
Bitcoin
91%
Yahoo
91%
X
89%
Los Angeles Lakers
87%
Skype
85%
ESPN
79%
Costco
74%
Acura
68%
Outlook
68%
Fortnite
66%
Kmart
66%
Rockstar Games
62%
Wikipedia
62%
Peacock
60%
Unilever
55%
Holiday Inn
49%
Dallas Stars
45%
Quora
45%
Vimeo
36%
Indeed
34%
Zelle
26%
Jiffy Lube
23%
No matching quizzes found
Score Distribution
Percent of People with Each Score
Percentile by Number Answered
Your Score History
You have not taken this quiz